|
|
|
|
| LEADER |
01970nam a2200445 a 4500 |
| 001 |
35846 |
| 003 |
BD-DhAAL |
| 005 |
20211130114519.0 |
| 008 |
190917t2001 bg f000 0 benod |
| 999 |
|
|
|c 41283
|d 41283
|
| 010 |
|
|
|a 98908625
|
| 020 |
|
|
|a 9840738178 (v. 1)
|
| 020 |
|
|
|a 9840738186 (v. 2)
|
| 020 |
|
|
|a 9840741888 (v. 3)
|
| 025 |
|
|
|a B-B-98-908625; 10
|
| 035 |
|
|
|a (DLC) 98908625
|
| 037 |
|
|
|b Library of Congress -- New Delhi Field Office
|
| 040 |
|
|
|a DLC
|c DLC
|d DLC
|d BD-DhAAL
|
| 042 |
|
|
|a lcode
|
| 050 |
0 |
0 |
|a PK1718.A3171
|b A115 1998
|
| 082 |
|
|
|a 891.44371
|2 22
|
| 100 |
1 |
|
|a আহমদ, আবুল মনসুর,
|d ১৮৯৮-১৯৭৯.
|9 34761
|
| 240 |
1 |
0 |
|a Works.
|f 1998
|
| 245 |
1 |
0 |
|a আবুল মনসুর আহমদ রচনাবলী,
|n তৃতীয় খণ্ড /
|c রফিকুল ইসলাম সম্পাদিত
|
| 246 |
|
|
|a Abul Mansur Ahmad racanabali
|
| 246 |
|
|
|a Complete works of Abul Mansur Ahmad
|
| 260 |
|
|
|a ঢাকা :
|b বাংলা একাডেমী,
|c ২০০১
|
| 300 |
|
|
|a [আটাশ], ৫১২ পৃষ্ঠা ;
|c ২৩ সে.মি.
|
| 362 |
|
|
|a তৃতীয় খণ্ড
|
| 504 |
|
|
|a বিবলিওগ্রাফী অন্তর্ভুক্ত (v. 3, পৃষ্ঠা [৫০৯]-৫১০)
|
| 520 |
|
|
|a Complete works by a 20th century Bengali author.
|
| 526 |
|
|
|a BIED
|
| 541 |
|
|
|a Complimentary copy from BIED
|e 35846
|
| 546 |
|
|
|a In Bengali.
|
| 600 |
|
|
|a Ahmad, Abul Mansur.
|9 34762
|
| 650 |
|
|
|a Bangladesh
|v Fiction.
|9 34763
|
| 700 |
1 |
|
|a ইসলাম, রফিকুল,
|d ১৯৩৪-
|9 34764
|
| 852 |
|
|
|a Ayesha Abed Library
|c BIED Collection
|
| 942 |
|
|
|2 ddc
|c BK
|
| 952 |
|
|
|0 0
|1 0
|2 ddc
|4 0
|6 891_443710000000000_AHM
|7 0
|9 66346
|a BRACUL
|b BRACUL
|c GEN
|d 2019-09-17
|e Complimentary copy from BIED
|l 1
|m 4
|o 891.44371 AHM
|p 3010035846
|r 2024-09-09
|s 2024-07-09
|t 1
|w 2019-09-17
|y BK
|x Transferred from BIED to General Stacks
|